Razrabotka i primenenije programm avtomatizacii schemotechničeskovo projektirovanija /

Saved in:
Bibliographic Details
Main Authors: Il'in, Valerij Nikolajevič (Author), Kogan, Vladimir Leonidovič (Author)
Format: Book
Language:Russian
Published: Moskva : Radio i svjaz, 1984
Edition:1. vyd.
Tags: Add Tag
No Tags, Be the first to tag this record!

MARC

LEADER 00000nam a22000003a 4500
001 stu19719
005 20150617225752.8
008 ------s1984----xxr-----------------rus-d
040 |a STU  |b slo 
041 0 |a rus 
044 |a xxr 
080 |a 681.3.06 
100 1 |a Il'in, Valerij Nikolajevič  |4 aut 
245 1 |a Razrabotka i primenenije programm avtomatizacii schemotechničeskovo projektirovanija /  |c [aut.]Il'in,Valerij Nikolajevič, Kogan,Vladimir Leonidovič 
250 |a 1. vyd. 
260 |a Moskva :  |b Radio i svjaz,  |c 1984 
300 |a 367 s :  |b Tab.,lit 
700 1 |a Kogan, Vladimir Leonidovič  |4 aut 
996 |b C78469  |c C*78469  |l CCXVI  |s P  |a 0  |w stu19719_0002